TAFSIR MUYASSAR : (Record no. 170615)
[ view plain ]
| 000 -LEADER | |
|---|---|
| fixed length control field | 01371nam a22003617i 4500 |
| 003 - CONTROL NUMBER IDENTIFIER | |
| control field | PPAK |
| 005 - DATE AND TIME OF LATEST TRANSACTION | |
| control field | 20181227151837.0 |
| 008 - FIXED-LENGTH DATA ELEMENTS--GENERAL INFORMATION | |
| fixed length control field | 181219b my ||||| |||| 00| 0 ind d |
| 020 ## - INTERNATIONAL STANDARD BOOK NUMBER | |
| International Standard Book Number | 9786026845115 |
| Terms of availability | RM90.00 |
| Qualifying information | hardback |
| 040 ## - CATALOGING SOURCE | |
| Original cataloging agency | PPAK |
| Language of cataloging | eng |
| Transcribing agency | PPAK |
| Description conventions | rda |
| 041 1# - LANGUAGE CODE | |
| Language code of text/sound track or separate title | ind |
| Language code of original | ara |
| 082 04 - DEWEY DECIMAL CLASSIFICATION NUMBER | |
| Edition number | 23 |
| Classification number | 297.1229 |
| 090 00 - LOCALLY ASSIGNED LC-TYPE CALL NUMBER (OCLC); LOCAL CALL NUMBER (RLIN) | |
| Classification number (OCLC) (R) ; Classification number, CALL (RLIN) (NR) | 297.1229 |
| Feature heading | TAF |
| Feature heading | R |
| 245 00 - TITLE STATEMENT | |
| Title | TAFSIR MUYASSAR : |
| Remainder of title | MEMAHAMI AL-QUR'AN DENGAN TERJEMAHAN DAN PENAFSIRAN PALING MUDAH : SURAT THAHA S/D AN-NAS JILID 2 / |
| Statement of responsibility, etc. | Para Penyusun : Dr. Himat Basyir, Dr. Hazim Haidar, Dr. Mushthafa Muslim, Dr. Abdul Aziz Isma'il ; Penerjemah : Muhammad Ashim, Izzudin Karimi |
| 246 13 - VARYING FORM OF TITLE | |
| Title proper/short title | At-Tafsir al-Muyassar |
| 250 ## - EDITION STATEMENT | |
| Edition statement | Edisi Indonesia |
| 264 #1 - PRODUCTION, PUBLICATION, DISTRIBUTION, MANUFACTURE, AND COPYRIGHT NOTICE | |
| Place of production, publication, distribution, manufacture | Jakarta : |
| Name of producer, publisher, distributor, manufacturer | DARUL HAQ, |
| Date of production, publication, distribution, manufacture, or copyright notice | 2016 |
| 300 ## - PHYSICAL DESCRIPTION | |
| Extent | xxvi, 966 pages : |
| Dimensions | 25 cm |
| 336 ## - CONTENT TYPE | |
| Source | rdacontent |
| Content type term | text |
| 337 ## - MEDIA TYPE | |
| Source | rdamedia |
| Media type term | unmediated |
| 338 ## - CARRIER TYPE | |
| Source | rdacarrier |
| Carrier type term | volume |
| 500 ## - GENERAL NOTE | |
| General note | Original title : At-Tafsir al-Muyassar |
| 650 10 - SUBJECT ADDED ENTRY--TOPICAL TERM | |
| Topical term or geographic name entry element | Qur'an |
| Form subdivision | Criticism, interpretation, etc |
| Topical term or geographic name entry element | Qur'an |
| Form subdivision | Commentaries |
| Topical term or geographic name entry element | Qur'an |
| Form subdivision | Hermeneutics |
| 700 0# - ADDED ENTRY--PERSONAL NAME | |
| Personal name | Himat Basyir, |
| Titles and other words associated with a name | Dr., |
| Relator term | compiler. |
| Personal name | Hazim Haidar, |
| Dates associated with a name | Dr., |
| Relator term | compiler. |
| Personal name | Dr. Mushthafa Muslim, |
| Titles and other words associated with a name | Dr., |
| Relator term | compiler |
| Personal name | Abdul Aziz Isma'il, |
| Titles and other words associated with a name | Dr., |
| Relator term | compiler. |
| Personal name | Muhammad Ashim, |
| Relator term | translator. |
| Personal name | Izzudin Karimi, |
| Relator term | translator. |
| 942 ## - ADDED ENTRY ELEMENTS (KOHA) | |
| Source of classification or shelving scheme | Dewey Decimal Classification |
| Koha item type | Book |
| Withdrawn | Not for loan | Current library | Shelving location | Date acquired | Full call number | Barcode | Date last seen | Koha item type |
|---|---|---|---|---|---|---|---|---|
| Not For Loan | Perpustakaan Alor Setar | Rujukan Dewasa | 01/01/2019 | R 297.1229 TAF | A01590523 | 01/01/2019 | Book |